| 000 | 00519nam a2200193 a 4500 | ||
|---|---|---|---|
| 001 | 2521 | ||
| 005 | 20180713182510.0 | ||
| 008 | 140415s1988 000 0 spa d | ||
| 020 | _a968451199X | ||
| 041 | _aspa | ||
| 082 |
_a158.7 _bSMI |
||
| 100 | 1 | _aSMITH, HENRRY CLAY | |
| 245 | 1 | 0 | _aPSICOLOGIA DE LA CONDUCTA INDUSTRIAL |
| 260 |
_a[s.l.] : _bMC-GRAW HILL, _c1988 |
||
| 300 | _a407 | ||
| 650 | 1 | 4 | _aPSICOLOGIA INDUSTRIAL |
| 700 | 1 |
_aBARCENA, AGUSTIN _etr. |
|
| 700 | 1 |
_aWAKELEY, JOHN H. _ecoaut. |
|
| 999 |
_c2521 _d2521 |
||